000 00680nam a22002297a 4500
005 20210325204923.0
008 s2010 eng d
020 _a9780521193870
041 _aeng
090 _aKF11 D65N 2010
100 0 _aDomingo, Rafael
245 1 0 _aThe new global law
260 3 _aNew York :
_bCambridge University Press,
_c2010
300 _a212 p. ;
_b 23 cm.
650 0 4 _aGlobalization and law
650 0 4 _aInternational law
850 _aNALT
942 _cLB
997 _a9058
_kVC
997 _c000000000062164
998 _aนางสุกัญญา กัลยา
999 _c62164
_d62164